Visualizzazione normale
Vista MARC
- Luttazzi Lelio
di Personal Name
Records bibliografici associati: 1
001 - CONTROL NUMBER
- control field: 2971
003 - CONTROL NUMBER IDENTIFIER
- control field: IT-RoPau
005 - DATE AND TIME OF LATEST TRANSACTION
- control field: 20131122150618.0
008 - FIXED-LENGTH DATA ELEMENTS
- fixed length control field: 131122|| aca||aabn | a|a d
040 ## - CATALOGING SOURCE
- Original cataloging agency: IT-RoPau
- Transcribing agency: IT-RoPau
100 ## - HEADING--PERSONAL NAME
- Personal name: Luttazzi Lelio
- Dates associated with a name: Codice autore testo/musica SPICS: 13480
- Relator term: Autore testo/musica
- Name of part/section of a work: Il giovanotto matto
670 ## - SOURCE DATA FOUND
- Source citation: Work cat.: (IT-RoPau)100005: AA.VV. 794, Jazz all'italiana (disco)